Když záleží na každé vteřině

Rastie spektrum finančných procesov a služieb, ktoré sa dajú vyriešiť online. To znamená v reálnom čase, ale bez fyzickej prítomnosti zázazníka na pobočke. Pre poskytovanie kompletných online služieb je kľúčová schopnosť identifikácie klienta. Súčasné možnosti identifikácie klienta (mikroplatba, PSD...

Ausführliche Beschreibung

Gespeichert in:
Bibliographische Detailangaben
1. Verfasser: Kotas, Oldřich
Format: Buchkapitel
Sprache:Tschechisch
Schlagworte:
Tags: Tag hinzufügen
Keine Tags, Fügen Sie das erste Tag hinzu!

MARC

LEADER 00000naa a2200000 4500
001 0235941
005 20170921085944.8
041 0 |a cze 
044 |a CZ 
245 1 0 |a Když záleží na každé vteřině  |c Oldřich Kotas 
520 |a Rastie spektrum finančných procesov a služieb, ktoré sa dajú vyriešiť online. To znamená v reálnom čase, ale bez fyzickej prítomnosti zázazníka na pobočke. Pre poskytovanie kompletných online služieb je kľúčová schopnosť identifikácie klienta. Súčasné možnosti identifikácie klienta (mikroplatba, PSD2 a videoauntetizácia). 
610 2 0 |a technológie nové 
610 2 0 |a digitalizácia 
610 2 0 |a platby elektronické 
610 2 0 |a služby finančné 
610 2 0 |a identifikácia automatická 
100 1 |a Kotas, Oldřich